| 000 | 00327nam a2200121Ia 4500 | ||
|---|---|---|---|
| 008 | 220120s9999||||xx |||||||||||||| ||und|| | ||
| 020 | _a81-203-2071-9 | ||
| 100 | _aSkolnik, Merrill, L | ||
| 245 | 0 | _aIntroduction to radar systems | |
| 260 |
_aTata mcgraw hill _bNew Delhi _c2004 |
||
| 300 | _b285 | ||
| 650 | _aSYSTEM SIMMULATION | ||
| 999 |
_c132051 _d132051 |
||